Music Quiz

Random Music or Clickable Quiz

1960 #1 album Match Quiz Stats

 Plays Quiz not verified by Sporcle

Score 0/10 Timer 01:30
0 Plays Today
% Correct
Bob Newhart
91.7%
Elvis Presley
88.1%
Original Cast (Mary Martin ...)
86.7%
The Mormon Tabernacle Choir
79.8%
The Kingston Trio
69.1%
The Kingston Trio
68.2%
Billy Vaughn and His Orchestra
60.3%
Frank Sinatra
60.1%
The Kingston Trio
59.4%
Enoch Light & Terry Snyder and the All Stars
49.9%

You're not logged in!

Compare scores with friends on all Sporcle quizzes.
OR
Log In

Sporcle TV

Today on Sporcle TV


Watch our educational content, quiz creation guides, and fun videos on Sporcle TV.

Show Comments

Extras

Top Quizzes Today


Score Distribution

Your Account Isn't Verified!

In order to create a playlist on Sporcle, you need to verify the email address you used during registration. Go to your Sporcle Settings to finish the process.

Report this User

Report this user for behavior that violates our Community Guidelines.

Details: